000 01355nam a22003857a 4500
003 OSt
005 20230427115415.0
008 221006b |||||||| |||| 00| 0 eng d
040 _cBiblioteca Lado V
082 _a700
_bO48e
100 _9294
_aOlivares, Rosa
_eeditor
245 _aExit/
260 _bOlivares y Asociados S.L.
_aEspaña
_c2000
300 _c21x26cm
_a168p.
366 _espa
490 _v2000
505 _tEditorial
505 _tReflejos y reflexiones del medio especular
505 _tEl espejo o la juventud en conserva
505 _tA traves del espejo. Duane Michals
505 _tEspejos, reflejos, espejismos y fotografias
505 _tEspejos, Reflejos, espejismos y fotografias
505 _tValerie in wonderland
505 _tFundamento del espejo
505 _tIndice de artistas
650 _2Tesauro de Arte & Arquitectura
_aARTE
_9703
650 _2Tesauro de Arte & Arquitectura
_aEXPOSICIONES
650 _2Tesauro de Arte & Arquitectura
_aCULTURA
650 _2Tesauro de Arte & Arquitectura
_aAPRECIACION
650 _2Tesauro de Arte & Arquitectura
_aTEORIA
650 _2Tesauro de Arte & Arquitectura
_aARQUITECTURA
650 _2Tesauro de Arte & Arquitectura
_aLITERATURA
650 _2Tesauro de Arte & Arquitectura
_aESPAÑA
942 _2ddc
_c1
_h700
_i048e
_n0
999 _c3491
_d3491